000 005880000a22001810004500
003 MACL
005 20160611153130.0
008 160611b xxu||||| |||| 00| 0 eng d
040 _aMACL
_cMACL
041 _aHindi
082 _a891.433
100 _aवर्मा, भगवतीचरण
_944560
245 _aसबहिं नचावत राम गोसाई
_cभगवतीचरण वर्मा
260 _bराजकमल प्रकाशन
_c1994
_aनई दिल्‍ली
350 _a95
650 _aNovel
_964424
942 _cHIN
_k891.433
_2ddc
999 _c30399
_d30399